000
00306nam a22001217a 4500
008
190316b xxu||||| |||| 00| 0 eng d
041
_a
eng
080
_a
043.3
100
_a
0
101
_a
SHKI-BA
245
_a
Zhvillimi i Softuerit per menaxhimin e pacientece dhe klinikave
_c
Zhubi, G
942
_2
udc
_c
BK
999
_c
54875
_d
54875